<?xml version="1.0" encoding="UTF-8"?>
<marc:record xmlns:marc="http://www.loc.gov/MARC21/slim">
   <marc:leader>00000nam a2200000 a 4500</marc:leader>
   <marc:datafield ind1="1" ind2=" " tag="100">
      <marc:subfield code="a">Eyssen, Remy</marc:subfield>
      <marc:subfield code="4">aut</marc:subfield>
      <marc:subfield code="e">Verfasser/-in</marc:subfield>
   </marc:datafield>
   <marc:datafield ind1="0" ind2="0" tag="245">
      <marc:subfield code="a">Stürmisches Lavandou</marc:subfield>
   </marc:datafield>
   <marc:datafield ind1="0" ind2="0" tag="245">
      <marc:subfield code="b">ein Provence-Krimi</marc:subfield>
   </marc:datafield>
   <marc:datafield ind1=" " ind2="1" tag="264">
      <marc:subfield code="a">Berlin</marc:subfield>
      <marc:subfield code="b">Ullstein</marc:subfield>
      <marc:subfield code="c">2022</marc:subfield>
   </marc:datafield>
   <marc:datafield ind1="1" ind2=" " tag="520">
      <marc:subfield code="a">Angaben aus der Verlagsmeldung##Stürmisches Lavandou : Ein Provence-Krimi | Die Bestseller-Reihe aus der Provence | Spannende Urlaubslektüre für Südfrankreich-Fans / von Remy Eyssen##Gerichtsmediziner Dr. Leon Ritter ermittelt in seinem achten Fall  inmitten blühender provenzalischer Lavendelfelder lauert der Tod##Über Le Lavandou liegt der Duft von Pinien und Sonnencreme. Die Vorbereitungen für eine geschäftige Saison in dem südfranzösischen Urlaubsort laufen auf Hochtouren, als eine grauenhafte Entdeckung die Gemeinde erschüttert: Am Strand, wo sich normalerweise Surfer tummeln, wird ein junges Paar ermordet aufgefunden. Rechtsmediziner Leon Ritter übernimmt die Obduktion: Die junge Frau wurde vor ihrer Ermordung missbraucht, und es hat den Anschein, dass der Täter ihren Partner zum Zuschauen gezwungen hat. Der Rechtsmediziner und seine Lebensgefährtin Capitaine Isabelle Morell ermitteln zunächst im Umfeld der Opfer. Doch dann wird ein weiteres Liebespaar auf dieselbe Weise getötet. Hat Le Lavandou es mit einem sadistischen Serientäter zu tun?</marc:subfield>
   </marc:datafield>
   <marc:datafield ind1=" " ind2=" " tag="020">
      <marc:subfield code="a">9783864932038</marc:subfield>
      <marc:subfield code="9">9783864932038</marc:subfield>
   </marc:datafield>
   <marc:datafield ind1=" " ind2=" " tag="041">
      <marc:subfield code="a">ger</marc:subfield>
   </marc:datafield>
   <marc:datafield ind1=" " ind2=" " tag="300">
      <marc:subfield code="a">521 Seiten</marc:subfield>
   </marc:datafield>
</marc:record>
